Connaissez-vous Burger Quiz ? - Statistiques

Statistiques générales
  • Ce quiz a été pris 578 fois
  • Le résultat moyen est 12 sur 22
Statistiques - réponses
Question Réponse % Correct
Le présentateur, que c'est lui qui présente Alain Chabat
98%
Les 2 équipes qui s'affrontent sont... Ketchup
98%
Les 2 équipes qui s'affrontent sont... Mayo
98%
Pour l'ultime épreuve, on doit mettre la lumière qui... Fait peur !
77%
Les épreuves Le burger de la mort
77%
Chaîne TV sur laquelle sont diffusées les autres saisons TMC
75%
Traditionnellement le plus gros gain possible est une... Voiture
75%
Nom donné à un point remporté par une équipe Miam
70%
Célébrités ayant le plus participé/présenté l'émission 13 Gérard Darmon
63%
Chaîne TV sur laquelle est diffusée la première saison Canal +
62%
Célébrités ayant le plus participé/présenté l'émission 13 Marina Foïs
57%
Les épreuves Sel ou Poivre
55%
Les épreuves Menus
52%
Les épreuves Nuggets
45%
Les épreuves L'addition
41%
Célébrités ayant le plus participé/présenté l'émission 11 Jean-Paul Rouve
40%
Celui qui fait la grosse voix off Bruno Salomone
28%
Célébrités ayant le plus participé/présenté l'émission 24 Anne Depétrini
20%
Célébrités ayant le plus participé/présenté l'émission 13 Maurice Barthélemy
20%
Célébrités ayant le plus participé/présenté l'émission 9 Alison Wheeler
6%
Célébrités ayant le plus participé/présenté l'émission 10 Alice Belaïdi
5%
Célébrités ayant le plus participé/présenté l'émission 9 Mathieu Madénian
5%
Aucun quiz correspondant
Distribution des résultats
% des personnes avec chaque résultat
Percentile par nombre de réponses
Votre historique - résultats
Vous n’avez pas pris ce quiz